<?xml version="1.0" encoding="UTF-8"?>
<marc:record xmlns:marc="http://www.loc.gov/MARC21/slim">
   <marc:leader>00000nam a2200000 a 4500</marc:leader>
   <marc:datafield ind1="1" ind2=" " tag="100">
      <marc:subfield code="a">Borchert, Birgit</marc:subfield>
      <marc:subfield code="4">aut</marc:subfield>
      <marc:subfield code="e">Verfasser/-in</marc:subfield>
   </marc:datafield>
   <marc:datafield ind1=" " ind2=" " tag="653">
      <marc:subfield code="a">Fiktionale Darstellung</marc:subfield>
   </marc:datafield>
   <marc:datafield ind1=" " ind2=" " tag="653">
      <marc:subfield code="a">Erzählende Literatur</marc:subfield>
   </marc:datafield>
   <marc:datafield ind1=" " ind2=" " tag="653">
      <marc:subfield code="a">Erzählende Literatur: Gegenwartsliteratur ab 1945</marc:subfield>
   </marc:datafield>
   <marc:datafield ind1=" " ind2=" " tag="653">
      <marc:subfield code="a">Saga</marc:subfield>
   </marc:datafield>
   <marc:datafield ind1=" " ind2=" " tag="653">
      <marc:subfield code="a">Senckenberg;Museum;Dinosaurier;Paläontologie;Pionierin;Frankfurt;Marburg;Hessen;Naturkunde;Kaiserreich;Jahrhundertwende;Ausgrabung;Emanzipation;Wissenschaft;Frauenrechte;Saga</marc:subfield>
   </marc:datafield>
   <marc:datafield ind1="0" ind2="0" tag="245">
      <marc:subfield code="a">Spuren einer fernen Zeit</marc:subfield>
   </marc:datafield>
   <marc:datafield ind1="0" ind2="0" tag="245">
      <marc:subfield code="b">die Senckenberg-Saga : Roman</marc:subfield>
   </marc:datafield>
   <marc:datafield ind1="0" ind2="0" tag="245">
      <marc:subfield code="c">Borchert, Birgit</marc:subfield>
   </marc:datafield>
   <marc:datafield ind1=" " ind2="1" tag="264">
      <marc:subfield code="a">Köln</marc:subfield>
      <marc:subfield code="b">Lübbe</marc:subfield>
      <marc:subfield code="c">2023</marc:subfield>
   </marc:datafield>
   <marc:datafield ind1=" " ind2=" " tag="250">
      <marc:subfield code="a">Originalausgabe</marc:subfield>
   </marc:datafield>
   <marc:datafield ind1="1" ind2=" " tag="520">
      <marc:subfield code="a">Das mitreißende Porträt einer selbstbewussten jungen Forscherin vor der atmosphärisch ausgeleuchteten Kulisse der Wilhelminischen Ära.&#xD;
&#xD;
"Spannend bis zur letzten Seite. Wann kommt der Film?"&#xD;
&#xD;
Hape Kerkeling&#xD;
&#xD;
Frankfurt, 1907. Als die junge Sophie von Mayden den großen Lichthof des neuen Senckenberg-Museums betritt, ist sie wie gebannt vom Anblick eines riesigen Dinosauriers. Sie spürt: Eines Tages will sie diese faszinierenden Urzeitwesen selbst erforschen. Doch als Frau ist ihr der Weg zum Paläontologie-Studium versperrt. Außerdem erwarten ihre Eltern baldmöglichst eine standesgemäße Heirat. Sophie aber hat andere Pläne. Ihre Beharrlichkeit verhilft ihr zu einer Anstellung im Museum. Dort verliebt sie sich in den Doktoranden Paul Klüver, der aus einfachen Verhältnissen stammt und in Sophie nur eine verwöhnte Bürgertochter sieht. Eine spektakuläre Expedition führt beide nach Afrika, wo Sophie ihm und sich selbst beweisen will: Für ihren großen Traum ist sie bereit, alles aufs Spiel zu setzen ...</marc:subfield>
   </marc:datafield>
   <marc:datafield ind1=" " ind2=" " tag="020">
      <marc:subfield code="a">9783785728475</marc:subfield>
      <marc:subfield code="9">9783785728475</marc:subfield>
   </marc:datafield>
   <marc:datafield ind1=" " ind2=" " tag="020">
      <marc:subfield code="a">3785728476</marc:subfield>
      <marc:subfield code="9">3785728476</marc:subfield>
   </marc:datafield>
   <marc:datafield ind1=" " ind2=" " tag="041">
      <marc:subfield code="a">ger</marc:subfield>
   </marc:datafield>
   <marc:datafield ind1=" " ind2=" " tag="338">
      <marc:subfield code="a">Band</marc:subfield>
   </marc:datafield>
   <marc:datafield ind1=" " ind2=" " tag="300">
      <marc:subfield code="a">591 Seiten</marc:subfield>
   </marc:datafield>
</marc:record>
